The Epistle of Paul the apostle to the Ephesians. (Record no. 5856)

000 -LEADER
fixed length control field 00996nam a2200229 a 4500
001 - CONTROL NUMBER
control field :::00003598$&:&@@
003 - CONTROL NUMBER IDENTIFIER
control field OkBaRHE
005 - DATE AND TIME OF LATEST TRANSACTION
control field 20010110130713.0
008 - FIXED-LENGTH DATA ELEMENTS--GENERAL INFORMATION
fixed length control field s1963 j 000 0 eng u
040 ## - CATALOGING SOURCE
Transcribing agency
100 1# - MAIN ENTRY--PERSONAL NAME
Personal name Greene, Oliver B.
245 14 - TITLE STATEMENT
Title The Epistle of Paul the apostle to the Ephesians.
260 ## - PUBLICATION, DISTRIBUTION, ETC. (IMPRINT)
Place of publication, distribution, etc Greenville, SC., :
Name of publisher, distributor, etc The Gospel Hour
Date of publication, distribution, etc c1963
300 ## - PHYSICAL DESCRIPTION
Extent 224 p. ;
Dimensions 20 cm.
650 ## - SUBJECT ADDED ENTRY--TOPICAL TERM
Topical term or geographic name as entry element Bible New Testament Ephesians
942 ## - ADDED ENTRY ELEMENTS (KOHA)
Source of classification or shelving scheme
Koha item type Books
Copies
Date checked out Koha item type Date acquired Permanent Location Date last seen Barcode Shelving location Price effective from Not for loan Total Checkouts Lost status Current Location Copy number Damaged status Withdrawn status Full call number Source of classification or shelving scheme
 Books2010-04-14RHEMA Bible Training College2018-04-033598General Stacks2010-04-14    1  BS 2695.3 .G73 
 Books2010-04-14RHEMA Bible Training College2018-04-0315676General Stacks2010-04-14    2  BS 2695.3 .G73 
 Books2010-04-14RHEMA Bible Training College2018-04-0318843General Stacks2010-04-14    3  BS 2695.3 .G73 
 Books2010-04-14RHEMA Bible Training College2018-04-0320556General Stacks2010-04-14    4  BS 2695.3 .G73 
2019-04-12Books2010-04-14RHEMA Bible Training College2019-04-2621016General Stacks2010-04-14 1 RHEMA Bible Training College5  BS 2695.3 .G73